00632nam a2200181 a 450000100100000000500170001000800410002702000180006804000250008604100130011108200110012410000180013524502040015326000360035730000230039370000180041670000160043400004872020201002061345.0190410s2016 dr 000 0 spa d a9789945167665 aDO-SdBNPbspacBNPHU17aspaheng axxbxx1 aParada, Henry10aEvaluation of centres for the integral attention of children in Dominican Republic (CIANIs) :ban local community organizations for child protection (LCOCP) /cHenry Parada, Susan Silver, Mike Burke. aSanto Domingo :bCONANI,c2016. a285 p. : ;c28 cm.1 aSilver, Susan1 aBurke, Mike